The Tebtunis papyri. Vol. 3, part 1 /

محفوظ في:

مؤلف مشترك: University of California.

مؤلفون آخرون: Hunt, Arthur S., Smyly, Josiah Gilbart.

التنسيق: كتاب

اللغة: English

منشور في: London : Milford, 1933.

سلاسل: Graeco-Roman archaeology / University of California publications ; 3

الموضوعات:

الوسوم: إضافة وسم

لا توجد وسوم, كن أول من يضع وسما على هذه التسجيلة!

رقم الطلب: PA3315 T3 1933 v.3-1

LEADER 00922cam a2200241Mi 4500
001 ocn505103532
003 OCoLC
005 20240204104556.0
008 930506s1933 enkbh 000 0 eng d
050 4 |a PA3315  |b T3 1933 v.3-1 
245 0 4 |a The Tebtunis papyri.  |n Vol. 3, part 1 /  |c edited by Arthur S. Hunt and J. Gilbart Smyly, with assistance from B.P. Grenfell, E. Lobel, M. Rostovtzeff. 
264 1 |a London :  |b Milford,  |c 1933. 
300 |a 333 pages :  |b facsimiles ;  |c 27 cm. 
336 |a text  |b txt  |2 rdacontent 
337 |a unmediated  |b n  |2 rdamedia 
338 |a volume  |b nc  |2 rdacarrier 
490 1 |a Graeco-Roman archaeology / University of California publications ;  |v 3 
650 0 |a Manuscripts, Greek (Papyri) 
700 1 |a Hunt, Arthur S. 
700 1 |a Smyly, Josiah Gilbart. 
710 2 |a University of California. 
810 2 |a University of California publications.  |n Graeco-Roman archaeology ;  |v 3. 
999 |c 56593  |d 56593